Random famous people by picture #3 - Statistics

General Stats
  • This quiz has been taken 104 times
  • The average score is 11 of 16
Answer Stats
Picture Answer % Correct
Charlie Chaplin
98%
Gordon Ramsay
91%
Marylin Monroe
84%
Julius Caesar
83%
Amy Winehouse
82%
Greta Thunberg
79%
Marie Curie
78%
Mao Zedong
76%
Walt Disney
76%
Emmanuel Macron
75%
Katy Perry
75%
Steven Spielberg
69%
Cillian Murphy
63%
Leonardo da Vinci
59%
Magnus Carlsen
37%
James Cook
18%
No matching quizzes found
Score Distribution
Percent of People with Each Score
Percentile by Number Answered
Your Score History
You have not taken this quiz